Регионална библиотека "Любен Каравелов" - Русе

Златна книга на приказките (Запис номер 346765)

MARC детайли
000 -Лидер
Контролно поле с фиксирана дължина 00917nam a2200229 a 4500
003 - Код на организацията, давaща контролен номер
Контролно поле BLK
005 - Дата и час на последна редакция
Контролно поле 20250627115236.0
008 - Елементи от данни с фиксирана дължина
fixed length control field 191126b bu ||||| |||| 00| 0 bu d
020 ## - Международен стандартен номер на книга ISBN
Международен стандартен номер на книга ISBN 9786190203391
040 ## - Източник на каталожния запис
Идентификатор на билиотеката - собственик на записа BLK
041 ## - Код за език
Код за езика на текст/звукозапис или на отделно заглавие Български
Код за езика КДБФ Български
080 ## - УДК
Текстов определител УДК Литература на отделни езици и езикови семейства
УДК код - определител по УДК 821
УДК определител -93-34
УДК - код + определител 821-93-34
100 ## - Редна дума - Автор
R(LIN) 1529
Автор Георгиева, Жечка Димитрова
Авторска отговорност състав. и ред.
139 ## - Редно поле
Редна дума Георгиева, Жечка Димитрова
Авторски знак Георгиев - Г 37
245 ## - Сведения за заглавието
Заглавие Златна книга на приказките
Редно поле (дума) Състав, ред. Жечка Георгиева
260 ## - Област на издателските данни
9 (RLIN) 209486
Място на издаване, разпространение и проч. София
Име на издателя, разпространителя и проч. Колибри
Година на издаване 2018
Печатница Костинброд : Молтипринт
300 ## - Физическа характеристика
Страници 656 с.
Размери/Мащаб 24 см
380 ## - Жанр
Жанр Детска худож. лит.
999 ## - СИСТЕМНИ КОНТРОЛНИ НОМЕРА
Koha biblionumber 346765
Koha biblioitemnumber 346765
942 ## - АРТИКУЛИ
Вид на библиотечния материал Книги
Скрит в OPAC Не
Периодичен библиозапис Да
Koha issues (borrowed), all copies 31
944 ## - СЪЗДАВАНЕ И РЕДАКЦИЯ на ЗАПИСА
Създаване/Редакция Създаване
Дата на регистрацията/редакция 2019-11-26
Служител, извършил регистрацията/редакцията 30565
Статус, дата на статуса Кристиан Гайдаров
999 ## - СИСТЕМНИ КОНТРОЛНИ НОМЕРА
Koha biblioitemnumber 346765
Наличности
Код за отписване Код за изгубен артикул Източник на класификационната схема Код за повреда Коз за рестрикции Код за отдаване Артикулен № Име на библиотеката - собственик Име на библиотеката, в която се намира в момента Статус (Текущо местоположение) Дата на вписване в системата Местоположение - отдел Цена в лева Систематично азбучна сигнатура Баркод Цена в евро Служебен тип на артикула
  Не е изгубен Universal Decimal Classification Не е повреден без рестрикции заемане за дома 750947 Регионална библиотека "Любен Каравелов" Русе Регионална библиотека "Любен Каравелов" Русе Детски отдел 2019-12-04 Детски отдел 13.30 ДХ 820/899/Г 37 120000838583 6.80 Книги
  Не е изгубен Universal Decimal Classification Не е повреден без рестрикции заемане за дома 750948 Регионална библиотека "Любен Каравелов" Русе Регионална библиотека "Любен Каравелов" Русе Детски отдел 2019-12-04 Детски отдел 13.30 ДХ 820/899/Г 37 120000838585 6.80 Книги
  Не е изгубен Universal Decimal Classification Не е повреден без рестрикции заемане за дома 750949 Регионална библиотека "Любен Каравелов" Русе Регионална библиотека "Любен Каравелов" Русе Детски отдел 2019-12-04 Детски отдел 13.30 ДХ 820/899/Г 37 120000838584 6.80 Книги
  Не е изгубен Universal Decimal Classification Не е повреден без рестрикции заемане за дома 750950 Регионална библиотека "Любен Каравелов" Русе Регионална библиотека "Любен Каравелов" Русе Детски отдел 2019-12-04 Детски отдел 13.30 ДХ 820/899/Г 37 120000838582 6.80 Книги
  Не е изгубен Universal Decimal Classification Не е повреден без рестрикции заемане за дома 750951 Регионална библиотека "Любен Каравелов" Русе Регионална библиотека "Любен Каравелов" Русе Детски отдел 2019-12-04 Детски отдел 13.30 ДХ 820/899/Г 37 120000838581 6.80 Книги
Vip Innovations Ltd, Rousse, Bulgaria 2025